[Event "Krapina op 12th"]
[Site "Krapina"]
[Date "2024.01.19"]
[Round "2"]
[White "Simunkovic, Bartol"]
[Black "Csernyik, Mark"]
[Result "1/2-1/2"]
[WhiteElo "1735"]
[BlackElo "1991"]
[PlyCount "63"]
[EventDate "2024.01.19"]
[EventType "swiss"]
[EventRounds "7"]
[EventCountry "CRO"]
[SourceTitle "CB06_2024"]
[SourceDate "2024.02.07"]
[SourceVersion "1"]
[SourceVersionDate "2024.02.07"]
[SourceQuality "1"]

1. e4 c5 2. Nf3 d6 3. d4 cxd4 4. Nxd4 Nf6 5. Nc3 g6 6. Be3 Bg7 7. Bc4 0-0 8. f3 Nc6 9. Bb3 Bd7 10. Qd2 Rc8 11. 0-0-0 Nxd4 12. Bxd4 b5 13. e5 dxe5 14. Bxe5 Bc6 15. Qxd8 Rfxd8 16. Kb1 b4 17. Bxf6 Bxf6 18. Nd5 Bxd5 19. Bxd5 Rd6 20. Be4 Rcd8 21. Rxd6 Rxd6 22. Bd3 h5 23. Re1 a5 24. Re4 Rd5 25. Kc1 h4 26. Kd2 Rg5 27. Bf1 Re5 28. c3 Rxe4 29. fxe4 Kf8 30. cxb4 axb4 31. a3 bxa3 32. bxa3 1/2-1/2

[Event "Varazdin Spancir op 1st"]
[Site "Varazdin"]
[Date "2023.08.26"]
[Round "4"]
[White "Simunkovic, Bartol"]
[Black "Jaklin, Damir"]
[Result "1-0"]
[WhiteElo "1682"]
[BlackElo "1812"]
[PlyCount "69"]
[EventDate "2023.08.24"]
[EventType "swiss"]
[EventRounds "7"]
[EventCountry "CRO"]
[SourceTitle "EXT 2024"]
[Source "ChessBase"]
[SourceDate "2023.10.10"]
[SourceVersion "1"]
[SourceVersionDate "2023.10.10"]
[SourceQuality "1"]

1. e4 c5 2. Nf3 d6 3. d4 cxd4 4. Nxd4 Nf6 5. Nc3 Nc6 6. Bg5 e6 7. Qd2 Be7 8. 0-0-0 Nxd4 9. Qxd4 0-0 10. Bc4 Qa5 11. f4 Bd7 12. e5 dxe5 13. fxe5 Bc6 14. Bd2 Nd7 15. Nd5 Qd8 16. Nxe7+ Qxe7 17. h4 Qc5 18. Qxc5 Nxc5 19. Bb4 b6 20. Rd2 Ne4 21. Rd4 Rfe8 22. Rhd1 Ng3 23. Rd6 Be4 24. Rd7 Rec8 25. c3 Nf5 26. Ba6 Re8 27. g4 Nxh4 28. Rc7 Ng6 29. Bd6 f5 30. exf6 gxf6 31. Rf1 f5 32. gxf5 Bxf5 33. Bc4 Kh8 34. Rh1 Nf8 35. Be5+ 1-0

[Event "Varazdin Spancir op 1st"]
[Site "Varazdin"]
[Date "2023.08.24"]
[Round "1"]
[White "Kurtovic, Darko"]
[Black "Simunkovic, Bartol"]
[Result "0-1"]
[WhiteElo "2039"]
[BlackElo "1682"]
[PlyCount "74"]
[EventDate "2023.08.24"]
[EventType "swiss"]
[EventRounds "7"]
[EventCountry "CRO"]
[SourceTitle "EXT 2024"]
[Source "ChessBase"]
[SourceDate "2023.10.10"]
[SourceVersion "1"]
[SourceVersionDate "2023.10.10"]
[SourceQuality "1"]

1. e4 c5 2. Nf3 d6 3. Bb5+ Nd7 4. d4 cxd4 5. Nxd4 Ngf6 6. Nc3 a6 7. Bc4 e6 8. a4 Nc5 9. f3 Qc7 10. Qe2 Be7 11. Be3 0-0 12. 0-0 Rd8 13. b4 Ncd7 14. Na2 Nb6 15. Bb3 e5 16. Nf5 Bxf5 17. exf5 Rac8 18. Qf2 Nc4 19. Kh1 d5 20. g4 d4 21. Bc1 Nd5 22. g5 Nce3 23. Bxe3 Nxe3 24. f6 gxf6 25. gxf6 Bxf6 26. Rg1+ Kh8 27. c3 Nf5 28. cxd4 exd4 29. Qd2 Ne3 30. Qd3 Qf4 31. Rg3 Bh4 32. Rh3 Qf5 33. Qxf5 Nxf5 34. Bxf7 d3 35. f4 Rc2 36. Be6 d2 37. Bxf5 d1Q+ 0-1

[Event "Hvar Arsenal op"]
[Site "Hvar"]
[Date "2022.10.12"]
[Round "6"]
[White "Simunkovic, Bartol"]
[Black "Arnold, Jan"]
[Result "0-1"]
[WhiteElo "1402"]
[BlackElo "1865"]
[PlyCount "74"]
[EventDate "2022.10.08"]
[EventType "swiss"]
[EventRounds "9"]
[EventCountry "CRO"]
[SourceTitle "CBM 210 Extra"]
[Source "ChessBase"]
[SourceDate "2022.11.30"]
[SourceVersion "1"]
[SourceVersionDate "2022.11.30"]
[SourceQuality "1"]

1. e4 e6 2. d4 d5 3. Nc3 Bb4 4. exd5 exd5 5. Nf3 Ne7 6. Be2 Nbc6 7. 0-0 Bf5 8. Bf4 f6 9. Nb5 Ba5 10. c3 a6 11. Na3 Bb6 12. Nc2 Qd7 13. Bd3 0-0-0 14. Bxf5 Nxf5 15. Nd2 g5 16. Be3 h5 17. Re1 Rdg8 18. b4 Nd6 19. Qf3 Qf5 20. Qxf5+ Nxf5 21. a4 Nd6 22. Rab1 a5 23. b5 Nb8 24. Na3 f5 25. Nf3 f4 26. Bd2 Ne4 27. Rbd1 Nd7 28. c4 g4 29. cxd5 Ndf6 30. Ne5 Bxd4 31. Nd3 Nxd2 32. Rxd2 Bc3 33. Re6 Bxd2 34. Rxf6 Rf8 35. Re6 f3 36. g3 Re8 37. Nc5 Bb4 0-1

[Event "Hvar Arsenal blitz op"]
[Site "Hvar"]
[Date "2022.10.11"]
[Round "10"]
[White "Novak, Simona"]
[Black "Simunkovic, Bartol"]
[Result "0-1"]
[WhiteElo "1647"]
[BlackElo "1408"]
[PlyCount "110"]
[EventDate "2022.10.11"]
[EventType "swiss (blitz)"]
[EventRounds "11"]
[EventCountry "CRO"]
[SourceTitle "CBM 210 Extra"]
[Source "ChessBase"]
[SourceDate "2022.11.30"]
[SourceVersion "1"]
[SourceVersionDate "2022.11.30"]
[SourceQuality "1"]

1. e4 c5 2. Nf3 d6 3. d4 cxd4 4. Nxd4 Nf6 5. Nc3 a6 6. Be3 e5 7. Nb3 Be6 8. f3 Be7 9. Qd2 Nc6 10. 0-0-0 Qc7 11. g4 Rd8 12. g5 Nd7 13. Nd5 Bxd5 14. exd5 Na7 15. h4 f6 16. Bxa7 b6 17. gxf6 Nxf6 18. Bxb6 Qxb6 19. Bc4 Rc8 20. Qe2 a5 21. Bb5+ Nd7 22. Bd3 Nf6 23. Bf5 Rc7 24. Kb1 a4 25. Nc1 Rc5 26. f4 Rxd5 27. Rxd5 Nxd5 28. Qd2 Nxf4 29. Nd3 Qc6 30. Rg1 Nxd3 31. Qxd3 g6 32. Be4 Qc5 33. Rf1 Bxh4 34. Qa6 Rf8 35. Qa8+ Bd8 36. Rxf8+ Kxf8 37. Qxd8+ Kg7 38. a3 Qc4 39. Qe7+ Kh6 40. Bd3 Qd4 41. Qf8+ Kg5 42. Qe7+ Kh6 43. Qc7 e4 44. Bb5 e3 45. Qc6 d5 46. Qe6 Kg5 47. Bd3 Qf4 48. Qxd5+ Kg4 49. Be2+ Kg3 50. Qg2+ Kxg2 51. Bd3 Qf1+ 52. Bxf1+ Kxf1 53. c4 e2 54. Kc2 e1Q 55. c5 Qe4+ 0-1

[Event "Hvar Arsenal blitz op"]
[Site "Hvar"]
[Date "2022.10.11"]
[Round "1"]
[White "Simunkovic, Bartol"]
[Black "Sundac, Ivano"]
[Result "0-1"]
[WhiteElo "1408"]
[BlackElo "1987"]
[PlyCount "100"]
[EventDate "2022.10.11"]
[EventType "swiss (blitz)"]
[EventRounds "11"]
[EventCountry "CRO"]
[SourceTitle "CBM 210 Extra"]
[Source "ChessBase"]
[SourceDate "2022.11.30"]
[SourceVersion "1"]
[SourceVersionDate "2022.11.30"]
[SourceQuality "1"]

1. e4 c5 2. Nf3 d6 3. d4 cxd4 4. Nxd4 Nf6 5. Nc3 g6 6. Bc4 Bg7 7. Be3 0-0 8. Bb3 Ng4 9. Bg5 Nc6 10. Nxc6 bxc6 11. f3 Nf6 12. Qd2 a5 13. 0-0 Qb6+ 14. Be3 Qc7 15. Rfd1 Be6 16. Ne2 Bxb3 17. axb3 Nd7 18. Bd4 Ne5 19. Bc3 Qb6+ 20. Kf1 f5 21. Bxa5 Qb5 22. exf5 Rxf5 23. Kf2 Qb7 24. Bc3 Raf8 25. Rf1 c5 26. Ng1 Bh6 27. Qe2 Ng4+ 28. Ke1 Ne3 29. Rf2 d5 30. Bd2 Nxc2+ 31. Kd1 Ne3+ 32. Bxe3 Qxb3+ 33. Qc2 Qxe3 34. Ra3 Qe6 35. Re2 Re5 36. Qxc5 Rxe2 37. Nxe2 Rc8 38. Qd4 Rc4 39. Qd3 Bg7 40. Nc3 Rd4 41. Qxd4 Bxd4 42. Ra8+ Kf7 43. Ra6 Qxa6 44. Nxd5 Qd3+ 45. Kc1 Be3+ 46. Nxe3 Qxe3+ 47. Kc2 Qe2+ 48. Kc3 Qxg2 49. b4 Qxf3+ 50. Kc4 Qb7 0-1